|
|
|
|
| LEADER |
00000nas a22000001i 4500 |
| 001 |
ssj0000396944 |
| 003 |
WaSeSS |
| 005 |
20200512172242.0 |
| 006 |
m d |
| 007 |
cr n |
| 008 |
760614c19479999xv qx p s 0 z0slv c |
| 010 |
|
|
|a 55036868
|z sn 85005457
|
| 015 |
|
|
|a 011261633
|2 dnb
|
| 016 |
7 |
|
|a 215538--2
|2 DE-600
|
| 016 |
7 |
|
|a 012430384
|2 Uk
|
| 016 |
7 |
|
|a 011261633
|2 DE-101
|
| 016 |
7 |
|
|a 2155382
|2 DE-600
|
| 022 |
|
|
|l 0350-5774
|y 0350-5774
|
| 035 |
|
|
|a (WaSeSS)ssj0000396944
|
| 040 |
|
|
|a COO
|b eng
|c COO
|d OCL
|d AIP
|d NSD
|d OCL
|d NST
|d DLC
|d IUL
|d SYS
|d DLC
|d OCLCQ
|d WAU
|d DLC
|d CRL
|d OCLCQ
|d HEBIS
|d GBVCP
|d UKMGB
|d OCLCQ
|d IUL
|d DEBBG
|d OCLCF
|d OCL
|d DLC
|d IUL
|d WaSeSS
|
| 041 |
0 |
|
|a slv
|b rus
|b ger
|b eng
|f eng
|f fre
|f ger
|f rus
|
| 042 |
|
|
|a nsdp
|a pcc
|a premarc
|
| 043 |
|
|
|a e-xv---
|
| 050 |
0 |
0 |
|a DR381.S6
|b Z4
|
| 210 |
0 |
|
|a Zgod. čas.
|b (Tisk. izd.)
|
| 222 |
|
0 |
|a Zgodovinski časopis
|b (Tiskana izd.)
|
| 245 |
0 |
0 |
|6 880-01
|a Zgodovinski časopis
|h [electronic resource] =
|b Istoricheskiĭ zhurnal = Historical review /
|c Zgodovinsko društvo za Slovenijo.
|
| 246 |
3 |
1 |
|6 880-02
|a Istoricheskiĭ zhurnal
|
| 246 |
3 |
1 |
|a Historical review
|
| 260 |
|
|
|a Ljubljana :
|b Zgodovinsko društvo za Slovenijo
|
| 310 |
|
|
|a Four no. a year
|
| 362 |
1 |
|
|a Began with Letnik 1 in 1947.
|
| 506 |
|
|
|a License restrictions may limit access.
|
| 515 |
|
|
|a Some no. combined.
|
| 550 |
|
|
|a Organ of Zgodovinsko društvo za Slovenijo.
|
| 588 |
|
|
|a Description based on: Letnik 22, zv. 1/2 (1968); title from cover.
|
| 588 |
|
|
|a Latest issue consulted: Letnik 26, zv. 3/4 (1972).
|
| 650 |
|
0 |
|a History
|v Periodicals.
|
| 650 |
0 |
7 |
|a Geschichte.
|0 (DE-588)4020517-4
|2 gnd
|
| 650 |
0 |
7 |
|a Geschichtswissenschaft.
|0 (DE-588)4020535-6
|2 gnd
|
| 650 |
|
7 |
|a History
|2 fast
|0 (OCoLC)fst00958235
|
| 651 |
|
0 |
|a Slovenia
|x History
|v Periodicals.
|
| 651 |
|
7 |
|a Slovenia.
|2 fast
|0 (OCoLC)fst01212712
|
| 655 |
|
0 |
|a Electronic journals.
|
| 710 |
2 |
|
|a Zgodovinsko društvo za Slovenijo.
|
| 850 |
|
|
|a CoU
|a DLC
|a NN
|
| 853 |
3 |
3 |
|8 1
|a v.
|i (year)
|
| 853 |
1 |
3 |
|8 2
|a v.
|b no.
|u 4
|v r
|i (year)
|
| 856 |
4 |
0 |
|z Full text available from Research Library: 01/01/2012 to 01/31/2017
|u https://search.proquest.com/publication/1456365
|
| 863 |
4 |
0 |
|8 1
|a <1>-
|i <1947>-
|x provisional
|
| 863 |
4 |
0 |
|8 2
|a <22>-
|i <1968>-
|x provisional
|
| 880 |
0 |
0 |
|6 245-01/(N
|a Zgodovinski časopis =
|b Исторический журнал = Historical review /
|c Zgodovinsko društvo za Slovenijo.
|
| 880 |
3 |
1 |
|6 246-02/(N
|a Исторический журнал
|